| 000 | 00716nam a22002177a 4500 | ||
|---|---|---|---|
| 005 | 20100805134811.0 | ||
| 010 | _aENG-98369 | ||
| 020 | _c60.00 | ||
| 035 | _aEN-81902 | ||
| 037 | _bDBAD/PUB | ||
| 082 | _a330.182 | ||
| 100 |
_aBalakrishnan, G _923428 |
||
| 245 |
_aEconomic analysis / _cby G. Balakrishnan |
||
| 260 |
_aCoimbatore _b Atcharapurriswara Publications _c2007 |
||
| 270 | _bCoimbatore | ||
| 300 |
_a113p. _c20cm (pbk) |
||
| 650 |
_aEconomicies _923429 |
||
| 650 |
_aMathmatical _923430 |
||
| 942 |
_2ddc _cEN _h330.182 _mBAL |
||
| 999 |
_c39434 _d39434 |
||